000 00225 a2200097 4500
001 41279
100 _aHawkey, R B
245 _aSquash coaching and refereaing
260 _aLondon
_bFaber and feber
_c
090 _c25482
_d25482
942 _aNUST-CAE
_cM
_c17205
999 _c276352
_d276352